Pippo Delbono : corpi senza menzogna /

Spremljeno u:
Bibliografski detalji
Glavni autor: Bentivoglio, Leonetta
Format: Knjiga
Jezik:talijanski
Izdano: Firenze : Barbès, 2009
Teme:
Oznake: Dodaj oznaku
Bez oznaka, Budi prvi tko označuje ovaj zapis!

MARC

LEADER 00000nam a2200000 i 4500
001 IT\ICCU\MOD\1560806
003 ItRI
005 20260115232126.0
008 091210s2009 it |||||| ||||| |||||c
015 |2 IT  |a 2009-10972 
020 |a 9788862940528 
040 |b ita  |c importazione bologna sebina 
041 7 |a ita  |2 ISO-639-2 
100 1 |a Bentivoglio, Leonetta  |0 IT\ICCU\RAVV\014646 
245 1 0 |a Pippo Delbono :  |b corpi senza menzogna /  |c Leonetta Bentivoglio ; fotografie di Pippo Delbono. 
260 |a Firenze :  |b Barbès,  |c 2009 
300 |a 163 p. :  |b ill. ;  |c 22 cm. 
650 7 |a Delbono, Pippo 
942 |2 ddc  |c BK  |n 0 
952 |0 0  |1 0  |4 0  |6 DOC_792_023000000000000_BEN  |7 0  |9 20489  |a BO  |b BO  |d 2026-01-15  |i 20872  |l 0  |o DOC 792.023 BEN  |p BO20872  |r 2026-01-15 23:21:26  |w 2026-01-15  |x [Sebina 5] [1 v.]  |y BK  |z 1 v. 
999 |c 17489  |d 17489